000 00739nam a22002177a 4500
005 20150123152009.0
010 _aBAC-CH25
020 _a9780143331445
_c250.00
035 _aB-555472-499
035 _aG-003119
037 _adpl
_bAakar/Ven
082 _aN
100 _aHair, David
245 _aSwayamvara: Book 2 The Return of Ravana /
_cby David Hair
260 _aNew Delhi
_bPenguin Books
_c2011
270 _a11 Community Centre, Panchsheel Park,
_bNew Delhi
_e110017
300 _a318p.:
_c19cm(pbk)
_bill.
942 _2ddc
_cCH
_mHAI
_hN
999 _c86584
_d86584